[Event "Petermaennchen GM"]
[Site "Schwerin"]
[Date "1999.08.13"]
[Round "7"]
[White "Doettling, Fabian"]
[Black "Bischoff, Klaus"]
[Result "1/2-1/2"]
[WhiteElo "2475"]
[BlackElo "2509"]
[Annotator "Meulders,R"]
[PlyCount "49"]
[EventDate "1999.08.09"]
[EventType "tourn"]
[EventRounds "9"]
[EventCountry "GER"]
[EventCategory "10"]
[SourceTitle "CBM 073"]
[Source "ChessBase"]
[SourceDate "1999.12.01"]
[SourceVersion "1"]
[SourceVersionDate "1999.12.01"]
[SourceQuality "1"]

1. d4 Nf6 2. Nf3 d6 3. c4 Nbd7 4. Nc3 c6 5. e4 e5 6. Be2 Be7 7. O-O O-O 8. Be3
a6 (8... Qc7 9. d5 c5 10. Nd2 Ne8 11. Rb1 g6 12. b4 cxb4 13. Rxb4 Nc5 14. Nb3
Bd7 15. Bh6 $1 Ng7 16. Nxc5 dxc5 17. Rb2 Rfd8 18. d6 $1 Qxd6 19. Qxd6 Bxd6 20.
Bg5 $16 {Danailov,S-Roth,P Wien op 1990 CBM/21}) 9. d5 cxd5 10. cxd5 Ng4 (10...
b5 11. Nd2 Nb6 (11... Nxe4 12. Ncxe4 f5 13. a4 bxa4 14. Qxa4 fxe4 15. Nxe4 Nf6
16. Nxf6+ Rxf6 17. b4 $16 {Kasparov,G-Stein,B 1987 simult/}) 12. a4 $1 {
+/= 'Arkhipov,S-Hickl,J/Lippstadt/1992/CBM31/'} bxa4 13. Nxa4 Nxa4 14. Rxa4 Bd7
15. Ra2 Qb8 16. f3 $14 {Polgar,Zsu-Lobron,E Deutschland Cup 1989 CBM/16} (16.
f3 Bb5 17. Bxb5 Qxb5 18. Qa4 $1 $14 {Dlugi,M-Kogan,B Ester Park 1987/})) (10...
Ne8 11. a4 g6 12. a5 $14 {Yuferov,S-Genba,V/St.Petersburg op/1994/CBM41/}) 11.
Bd2 (11. Bc1 b5 12. Nd2 (12. h3 Ngf6 $14 {Malaniuk,V-Hickl,J Calcutta 1993/})
12... Ngf6 13. b4 Nb6 14. a4 bxa4 15. Nxa4 Nxa4 16. Qxa4 Bd7 17. Qb3 {1/2-1/2
Ribli,Z-Hickl,J/GER-CupT 1993/EXT 97-B (17)}) 11... b5 (11... Ngf6 12. Qc2 (12.
b4 Re8 13. Qc2 Nf8 14. a4 Ng6 15. a5 Bd7 16. Be3 $14 {1-0 Brunner,L-Heissler,J/
BL9394 1994/GER-chT (48)}) 12... Ne8 13. b4 g6 14. Bd3 Ng7 15. Bh6 Nf6 16. h3
Nfh5 17. Rac1 f5 18. Be3 Nf6 19. Qb3 $14 {1/2-1/2 Kornev,A-Genba,V/St.
Petersburg 1993/EXT 97 (50)}) (11... Nb6 $2 12. h3 Nf6 13. Be3 Ne8 14. a4 Nd7
15. a5 g6 16. Nd2 Bg5 (16... f5 17. Nc4 $14) 17. Bxg5 Qxg5 18. Nc4 Rb8 19. Qc1
$1 $16 {1-0 Polgar,Z-Larsen,B/Monaco 1994/CBM 42/ (42)}) (11... Qe8 12. a4 Bd8
13. a5 b6 14. h3 Ngf6 15. Be3 bxa5 16. Nd2 Bb6 17. Bxb6 Nxb6 18. Rxa5 $16 {
0-1 Van der Werf,M-Lobron,E/Leeuwarden 1997/EXT 99 (68)}) 12. b4 (12. Rc1 Nb6
13. h3 Nf6 14. b4 Bd7 15. Be3 Qb8 16. Nd2 Rc8 17. a3 Ra7 18. Na2 Rac7 19. Rxc7
Rxc7 20. Qa1 Na4 $11 {1/2-1/2 Dragomarezkij,E-Bojczuk,Z/Moscow 1991/CBM 24 ext
(40)}) (12. Ne1) 12... Nb6 13. a4 (13. h3 Nf6 14. Be3 Bd7 15. Nxe5 dxe5 16. d6
Re8 17. dxe7 Rxe7 18. Qd2 Re6 19. Rfd1 Qb8 20. Rac1 Bc6 21. f3 Qb7 22. Bf1 Rc8
23. Qf2 Be8 24. a3 Rec6 25. Bxb6 {1/2-1/2 Ivanov,V-Malaniuk,V/Moscow 1996/EXT
99 (25)}) 13... bxa4 14. Nxa4 f5 (14... Nxa4 15. Rxa4 Nf6 (15... Bb7 16. h3 Nh6
$5 17. Qb3 (17. Bxh6 gxh6 18. Qd3 Kh8 19. Rfa1 Qb6 $14) 17... f5 18. Nxe5 $5
$14 {1-0 Itkis,B-Kovacevic,P/Cetinje 1993/CBM 38/ (41)}) 16. Qc2 Ne8 {'?'
Belov.} 17. b5 f5 18. exf5 Bb7 19. bxa6 Bxd5 20. Bc4 Bxc4 21. Qxc4+ Kh8 22. Rb1
Rxf5 23. Ba5 Rb8 24. Rb7 {1-0 Levin,F-Roos,T/Berlin 1992/EXT 98 (24)}) (14...
Nf6 15. Nc3 Bb7 (15... Qc7 16. Qb3 Qb7 17. Ra5 Ne8 18. b5 $1 $16 {Piskov,
Y-Ikonnikov,V Douai 1993 Inf 57/73/}) 16. Qb3 Qc7 17. Rfc1 Rfc8 18. Na4 $16 {
1/2-1/2 Lorscheid,G-Spacek,P/BL2-S 1993/GER-chT2 (27)}) 15. exf5 Bxf5 16. Nc3
Qe8 (16... Qc8 17. Qb3 Kh8 (17... Qb7 18. Ra5 Nd7 19. h3 Ngf6 20. Nh4 g6 21.
Nxf5 gxf5 22. Qa3 Rfb8 23. Rb1 Bd8 24. Rxa6 Bb6 $14 {Belov,I-Petrosian,A
Moscow 1991/}) 18. Ng5 (18. Ra5 e4 19. Nd4 $16 {1/2-1/2 Mohr,S-Hickl,J/BL9293
1993/GER-chT (50)}) 18... Bxg5 19. Bxg5 Qb7 20. f3 Nf6 21. Ra5 $14 {1/2-1/2
Titov,G-Petrosian,A/Azov 1991/CBM 25/ (49)}) (16... Bc8 17. Bd3 $14 {Nogueiras,
J-Zapata,A/Linares op/1993/INF59,92/}) 17. h3 Nf6 18. Be3 Bd8 19. Rxa6 Rxa6 20.
Bxa6 $14 Ne4 21. Nxe4 (21. Qb3 Qg6) (21. Qe1 Qg6 (21... Nxc3 22. Qxc3 Nxd5 23.
Bc4 Be6 24. Qb3 Nc7 25. Bxe6+ Qxe6 26. Qxe6+ Nxe6 27. Rd1 $14) 22. Bxb6 Bxb6
23. Nh4 Qf6 24. Nxf5 Nxc3 25. Nxd6 $16) 21... Bxe4 22. Ng5 Bxg5 (22... Bf5 $5)
23. Bxg5 Bxd5 24. Be3 Bc4 25. Bxb6 (25. Bxb6 Bxa6 26. Qd5+ Qf7 27. Rd1 Qxd5 28.
Rxd5 Rf6 29. Bc7 Rg6 30. Rd2 $1 (30. Bxd6 Bb7 $11) 30... Bb7 31. g3 e4 32. Bxd6
$16) 1/2-1/2

[Event "Petrov Memorial op"]
[Site "St Petersburg"]
[Date "2000.02.12"]
[Round "5"]
[White "Shinkevich, Vitaly"]
[Black "Malaniuk, Vladimir P"]
[Result "1/2-1/2"]
[WhiteElo "2440"]
[BlackElo "2572"]
[Annotator "Meulders,R"]
[PlyCount "39"]
[EventDate "2000.02.05"]
[EventType "swiss"]
[EventRounds "9"]
[EventCountry "RUS"]
[SourceTitle "CBM 076"]
[Source "ChessBase"]
[SourceDate "2000.05.31"]
[SourceVersion "1"]
[SourceVersionDate "2000.05.31"]
[SourceQuality "1"]

1. d4 Nf6 2. Nf3 c6 3. c4 d6 4. Nc3 Nbd7 5. g3 e5 6. Bg2 Be7 7. O-O O-O 8. e4
a6 9. a4 a5 10. h3 Re8 11. Re1 Bf8 12. Be3 (12. b3 g6 13. Ba3 Qb6 14. Rb1 Qc7
15. Qd2 Bg7 16. Red1 Bf8 17. Qc2 Qb6 18. Qd2 Qa7 19. Re1 Qb6 20. Re2 exd4 21.
Nxd4 Nc5 22. Kh2 $11 {0-1 Orel,O-Petrosian,A/SLO-chT 1994/EXT 97 (41)}) 12...
exd4 (12... Qc7 13. Qc2 (13. d5 Kh8 14. Nh4 Ng8 15. f4 Ndf6 16. fxe5 dxe5 17.
c5 cxd5 18. Nb5 Qb8 19. exd5 e4 20. d6 $18 {1-0 Bastien,J-Jensen,M/Soro 1982/
EXT 2000 (27)}) 13... exd4 14. Nxd4 Nc5 15. f4 (15. Rad1 Be6 16. b3 Rad8 17.
Nxe6 Rxe6 18. f4 $14 {1-0 Szabolcsi,J-Miltner,A/Budapest 1996/CBM 54 ext (31)})
15... g6 16. Bf2 Nfd7 17. Rad1 Na6 18. Na2 Ndc5 19. g4 $14 {0-1 Rukavina,
J-Rajkovic,D/Budva 1981/MCD (37)}) (12... g6 13. Kh2 Qc7 14. Qd2 b6 15. b3 Bb7
16. Rad1 Rad8 17. Bg5 Be7 $14 {1/2-1/2 Giua,F-Mensch,E/FRA 1999/EXT 2000 (64)})
13. Nxd4 (13. Bxd4 Qc7 14. Qc2 Ne5 15. Nxe5 (15. Nd2 Be7 16. f4 Ng6 17. Nf1 Nd7
18. Rad1 h5 19. Qf2 b6 20. Ne3 Nc5 21. Nf5 $16 {1-0 Kharitonov,A-Kodinets,K/
Moscow 1995/CBM 50 ext (38)}) 15... dxe5 16. Be3 Be6 17. c5 Rad8 18. Rad1 Rxd1
19. Rxd1 Rd8 20. g4 h6 21. Ne2 Be7 $11 {1-0 Froberg,H-Natri,A/FIN-chT 1990/EXT
97 (61)}) 13... Nc5 14. Qc2 g6 (14... Qb6 15. Rad1 Qb4 16. b3 g6 17. Ncb5 Na6
18. Nc3 Bg7 19. Na2 Qa3 20. Qb1 d5 21. cxd5 $16 {1/2-1/2 Minero Pineda,
S-Zapata,A/San Salvador 1998/CBM 67 ext (29)}) 15. Rad1 Qc7 16. f4 Nfd7 (16...
Bg7 17. Kh2 Bd7 18. Nde2 Nfxe4 19. Nxe4 Nxe4 20. Bxe4 f5 $15 {0-1 Thinius,
M-Ambarcumjan,A/Cappelle la Grande 1991/EXT 98 (50)}) 17. Qf2 Ra6 18. b3 Ra8
19. g4 Na6 20. g5 $14 1/2-1/2

[Event "RUS-ch KO"]
[Site "Moscow"]
[Date "1999.12.18"]
[Round "2.4"]
[White "Shchekachev, Andrei"]
[Black "Poluljahov, Aleksandr"]
[Result "1-0"]
[WhiteElo "2505"]
[BlackElo "2554"]
[Annotator "Meulders,R"]
[PlyCount "95"]
[EventDate "1999.12.04"]
[EventType "k.o."]
[EventRounds "6"]
[EventCountry "RUS"]
[SourceTitle "CBM 075"]
[Source "ChessBase"]
[SourceDate "2000.04.05"]
[SourceVersion "1"]
[SourceVersionDate "2000.04.05"]
[SourceQuality "1"]

1. Nf3 d6 2. d4 Nf6 3. c4 Nbd7 4. Nc3 c6 5. e4 e5 6. Be2 Be7 7. O-O O-O 8. Re1
a6 9. Rb1 Qc7 10. Qc2 (10. b3 b5 11. b4 exd4 12. Nxd4 Ne5 13. cxb5 cxb5 14. Bb2
Bb7 15. Bf1 Rfe8 16. a4 bxa4 17. Qxa4 Qb6 18. Nf5 Neg4 $15 {1/2-1/2 Siegel,
G-Espig,L/Germany 1995/GER-chT (44)}) (10. b4 b6 (10... b5 11. Bb2 (11. Bg5 h6
12. Bh4 bxc4 13. Bxc4 Nb6 14. Bb3 Bg4 15. Re3 exd4 16. Qxd4 c5 17. bxc5 dxc5
18. Qd2 c4 19. Bd1 Rad8 20. Qb2 Bc5 21. Re1 Rfe8 $13 {0-1 Dumitrache,D-Kuzmin,
G/Enakievo 1997/EXT 2000 (57)}) 11... bxc4 12. Bxc4 a5 13. b5 cxb5 14. Bxb5 Bb7
15. d5 Nc5 16. Rc1 Qb6 17. Nd2 Ba6 18. Nc4 Qb8 19. Bxa6 Rxa6 20. Ba3 $14 {
1-0 Stocek,J-Freisler,P/Mlada Boleslav op 1995/EXT 97 (63)}) 11. Bf1 Bb7 12.
Bg5 Rfd8 13. Qd2 Nf8 14. d5 Ng6 15. dxc6 Bxc6 16. Bxf6 Bxf6 17. Nd5 Bxd5 18.
cxd5 Ne7 19. Rec1 Qb7 20. g3 g6 21. Qe3 Bg7 22. Nd2 f5 $11 {1-0 Folk,
P-Chytilek,R/CZE-ch 1994/TD (60)}) (10. Bf1 Re8 11. a3 b5 12. b4 Bb7 13. Bg5 h6
14. Bd2 exd4 15. Nxd4 Bf8 16. Nb3 bxc4 17. Bxc4 d5 18. exd5 cxd5 $15 {1-0
Godard,M-Manouck,T/Meribel 1998/EXT 2000 (32)}) 10... b5 11. dxe5 dxe5 12. h3
Re8 13. b4 Nf8 14. Bf1 Be6 15. c5 a5 $15 16. a3 a4 (16... axb4 17. axb4 {
[%cal Ra8a1]}) 17. Ng5 Bb3 18. Rxb3 $5 {Fast erzwungen, aber dieses
"Russische" Qualitätsopfer bietet gute praktischen Chancen.} axb3 19. Qxb3 {
[%cal Rb3f7]} Bd8 20. Bxb5 $1 cxb5 21. Nxb5 Qd7 22. Nd6 {[%cal Rg5f7,Rd6f7,
Rb3f7,Rd6e8]} Re7 23. Nf5 h6 (23... Re8 24. Nd6 Re7 $11 {[%cal Rb3f7]}) 24.
Nxe7+ Qxe7 25. Nf3 $14 Qc7 26. Bb2 $36 {[%csl Ga3,Gb4,Gc5,Rd8,Rf8]} Ng6 27. Qc4
{[%cal Rb4b5]} Be7 {[%cal Re7c5,Rc7c5]} 28. a4 $6 (28. c6 $1) 28... Rxa4 29.
Ra1 Rxa1+ 30. Bxa1 Nd7 31. g3 Ndf8 (31... Bxc5 32. bxc5 Qxc5 33. Qxc5 Nxc5 34.
Nxe5 Nxe5 35. Bxe5 Nxe4 $11) 32. Bc3 Ne6 33. Qd5 Bf6 34. Qc4 Ne7 (34... Be7)
35. Kg2 h5 36. h4 g6 37. Bd2 Qc6 38. Be3 {Jezt ist der Aufmarsch b5 an der
Tagesordnung. Am besten hätte Schwarz nun zuverlässig die Bauern blockiert.}
Nd4 $6 (38... Nc7 $1 39. Bg5 Bxg5 40. Nxg5 Qe8 41. c6 Nc8 $1 42. Qd3 Na7 $1 43.
Qd7 Nab5 $17) ({Taktischer ist} 38... Qb7 $5 39. b5 (39. Nd2 Nc7 40. Nf3 Nc6
$17) 39... Nd4 $1 40. Bxd4 Qxe4 $1 $19) 39. Bxd4 exd4 40. Qd3 Kg7 $2 {So nimmt
der König seinem Läufer wichtige Felder.} (40... Bg7 $15) (40... Nc8 41. Kf1
Na7 42. e5 Bg7 43. Nxd4 Qd5 $19) 41. Kg1 Kh7 $2 {Noch immer Zeitnot oder will
Schwarz unbedingt verlieren?} (41... Kg8 $15) 42. e5 Bg7 43. Ng5+ Kg8 44. Qxd4
$14 {Die Lage hat sich geändert: es sieht so aus als muss Schwarz um sein
Leben kämpfen.} Nf5 $4 {Nach diesem letzten Bock ist es vorbei.} (44... Qd5 $1
45. Qxd5 Nxd5 46. b5 Bxe5 $15) 45. Qc4 Qc7 46. e6 $18 fxe6 47. Qxe6+ Kh8 48.
Qxg6 1-0

[Event "RUS-chT 07th"]
[Site "Smolensk"]
[Date "2000.04.17"]
[Round "3"]
[White "Shcherbakov, Ruslan"]
[Black "Dmitriev, Igor"]
[Result "1-0"]
[WhiteElo "2552"]
[BlackElo "2375"]
[Annotator "Meulders,R"]
[PlyCount "64"]
[EventDate "2000.04.15"]
[EventType "team-tourn"]
[EventRounds "11"]
[EventCountry "RUS"]
[SourceTitle "CBM 077"]
[Source "ChessBase"]
[SourceDate "2000.07.27"]
[SourceVersion "1"]
[SourceVersionDate "2000.07.27"]
[SourceQuality "1"]
[WhiteTeam "Tomsk 400"]
[BlackTeam "Saratov GShK"]
[WhiteTeamCountry "RUS"]
[BlackTeamCountry "RUS"]

1. d4 Nf6 2. c4 d6 3. Nc3 a6 4. e4 e5 5. Nf3 Nbd7 6. Be2 c6 7. O-O Be7 8. Nh4
Nf8 ({Die Alternative ist} 8... g6 9. Bh6 Bf8 (9... exd4 10. Qxd4 Nc5 11. Rad1
Ne6 12. Qd2 Ng8 13. Nf3 Nxh6 14. Qxh6 Qa5 15. Qd2 Qc7 16. Rfe1 O-O 17. Bf1 b5
18. b4 Re8 19. a4 a5 20. axb5 axb4 21. Nb1 c5 22. g3 Bb7 23. Bg2 Bf8 24. e5 {
1/2-1/2 Vasquez,R-Godoy Bugueno,D/Santiago de Chile 1997/EXT 98 (24)}) 10. Be3
(10. Bxf8 Kxf8 11. Qd2 Kg7 12. f4 (12. dxe5 dxe5 13. Qg5 Re8 (13... Nc5 14.
Qxe5 Ncxe4 15. Nxe4 Re8 16. Qxf6+ Qxf6 17. Nxf6 Rxe2 18. Nxh7 Kxh7 19. b3 b5
20. Nf3 $16) 14. Nf5+ Kg8 15. Nd6 Re6 16. Rad1 Qb6 17. Rd2 Nc5 18. Qe3 Bd7 19.
Nxb7 Qxb7 20. Qxc5 $18 {1-0 Tesic,D-Vratonjic,S/Kladovo 1991/TD (52)}) 12...
exd4 13. Qxd4 Qb6 14. Qxb6 Nxb6 15. Bd3 Be6 (15... a5 16. Nf3 Nfd7 17. b3 Nc5
18. Bc2 Be6 19. f5 gxf5 20. exf5 Bd7 21. Rad1 {1-0 Dreev,A-Serper,G/Tunja 1989/
TD (44)}) 16. b3 Rad8 $14) 10... Be7 $5 $14) (8... Nxe4 $2 9. Nxe4 Bxh4 10.
Nxd6+ $40 {'+/-' Ribli.} Kf8 $16) (8... O-O 9. Nf5 Re8 10. Nxe7+ (10. Bg5 Bf8
11. Qd2 Qb6 12. d5 c5 13. a3 g6 14. Nh6+ Kg7 15. f4 Ng8 16. f5 f6 17. Nxg8 Kxg8
18. fxg6 fxg5 19. gxh7+ Kh8 20. Qxg5 Be7 21. Qg6 Qd8 22. Rf7 Bf6 23. Rf1 Rf8
24. R1xf6 Qxf6 25. Qxf6+ {1-0 Zakharevich,I-Borisenko,A/Arkhangelsk 1996/EXT
2000 (25)}) 10... Qxe7 11. f3 $36 {/\b3,Ba3,^^} (11. f3 Nf8 12. Be3 Ne6 13. Qd2
c5 14. dxe5 dxe5 15. Nd5 Nxd5 16. cxd5 Nd4 17. Bxd4 exd4 18. b4 $14)) (8...
exd4 9. Qxd4 Nc5 10. Nf5 Bxf5 11. exf5 a5 12. g4 O-O 13. g5 Nfd7 14. h4 f6 15.
f4 Qc7 16. Kh1 Rad8 17. Bd2 fxg5 18. hxg5 Rxf5 19. Bg4 Rf7 20. Rae1 Bf8 (20...
Rdf8) 21. f5 Ne5 22. Bh3 Re8 23. b3 Qd8 24. Re2 Ned3 25. Rh2 d5 26. g6 hxg6 27.
fxg6 Rxf1+ 28. Bxf1 Ne5 $15 29. Qg1 Be7 30. Rh5 Ncd7 (30... Qd6) 31. cxd5 Bc5
32. Qg3 Qf6 33. Bh3 Nf8 34. Ne4 Qf3+ 35. Qxf3 Nxf3 36. Nxc5 Nxd2 37. d6 Ne4 38.
Nxe4 Rxe4 39. d7 Rd4 40. Re5 Rd1+ 41. Kg2 Rd2+ 42. Kf1 {1-0 Savchenko,S-Suetin,
A/Groningen 1993/CBM 38 ext (42)}) 9. b3 Qa5 (9... exd4 10. Qxd4 Ne6 11. Qe3
Nxe4 12. Nxe4 Bxh4 13. Ba3 Be7 14. Rad1 O-O 15. Bxd6 $16) 10. Bb2 Ng6 11. dxe5
dxe5 (11... Nxh4 12. exf6 Bxf6 13. Qd2 Be6 14. a3 $11) 12. Nf5 (12. Nxg6 hxg6
$15) 12... Bxf5 13. exf5 Rd8 $2 {Gewinnt nur augenscheinlich ein Tempo: die
weisse Dame steht besser auf c2 und die weissen Türme sind jetzt verbunden.
Sofort} (13... Nf4 {wäre besser, z.B.} 14. Re1 Nxe2+ (14... e4 15. Nxe4 Nxe4
16. Bg4 $1 {und obwohl Schwarz eine Mehrfigur hat, ist seine Lage sehr
schwierig.} (16. Bf3 $2 Rd8 17. Qc2 Ng5 18. Bg4 Kf8 19. Bxg7+ Kxg7 20. Rxe7 Rd2
21. Qc1 h5 $19)) 15. Qxe2 Nd7 16. Rad1 O-O-O 17. a3 $14 {und interessant ist
jetzt} Bxa3 $5 18. Ra1 Bxb2 19. Rxa5 Bxc3 20. Raa1 f6 21. Qg4 Rhg8 22. Qh3 Bxe1
23. Rxe1 Nc5 $1 24. Rb1 h6 (24... a5 25. Qc3 b6 26. b4 Rd3 27. Qe1 axb4 28.
Qxb4 Rgd8 29. Kf1 $1 $16) 25. Qe3 Rd4 26. f4 Rgd8 27. fxe5 fxe5 $14) 14. Qc2
Nf4 15. Rfe1 O-O $2 ({Schwarz hätte unbedingt den Nf4 tauschen müssen:} 15...
Nxe2+ 16. Qxe2 Nd7 17. a3 $14) 16. Bf1 {Selbstverständlich. Nicht nur behält
Weiss das Laüferpaar, aber wichtiger ist dass Nf4 keine gute Felder hat.} Rfe8
17. g3 N4h5 18. a3 {[%csl Re5,Rh5]} g6 19. b4 Qc7 20. c5 $16 {[%cal Gf1c4,
Gc4f7,Gb2h8,Ge1e5]} Bf8 21. Bc4 g5 {Kein schöner Zug aber es drohte natürlich
fxg6 hxg6 Qxg6.} 22. Re2 {[%csl Re5][%cal Ga1e1,Ge2e5]} Bg7 23. Rae1 Kf8 {
Schwarz ist fast im Zugzwang; er kann sich nur bereithalten für das, was
kommen wird.} (23... Nd5 24. Ne4 h6 25. Nd6 $18) 24. Ne4 Nxe4 25. Rxe4 Bf6 26.
Qe2 Ng7 27. f4 $1 $18 {[%cal Ge4e5,Ge2e5,Ge1e5,Gf4e5,Gb2e5] Der Abbruch fängt
an.} gxf4 28. gxf4 Nxf5 29. fxe5 Bg7 30. Rf1 Nh6 {Bis ins Grab wird dieser
Unglücksspringer verfolgt.} 31. e6 {[%cal Ge6f7,Gf1f7,Ge2e8,Gb2g7,Gc4f7]} Qe7
32. Bxg7+ Kxg7 (32... Kxg7 33. exf7 Qxe4 34. f8=Q+ $1 Rxf8 35. Qxe4 $18) 1-0

[Event "GER-ARM"]
[Site "Baden-Baden"]
[Date "1996.??.??"]
[Round "4"]
[White "Schlosser, Philipp"]
[Black "Movsesian, Sergei"]
[Result "0-1"]
[WhiteElo "2560"]
[BlackElo "2635"]
[Annotator "Mowsziszian,K"]
[PlyCount "54"]
[EventDate "1996.07.31"]
[EventType "match"]
[EventRounds "4"]
[EventCountry "GER"]
[SourceTitle "CBM 055"]
[Source "ChessBase"]
[SourceDate "1996.12.01"]
[SourceVersion "1"]
[SourceVersionDate "1996.12.01"]
[SourceQuality "1"]
[WhiteTeam "Germany"]
[BlackTeam "Armenia"]
[WhiteTeamCountry "GER"]
[BlackTeamCountry "ARM"]

1. Nf3 Nf6 2. c4 c6 3. Nc3 d6 4. d4 Nbd7 5. e4 e5 6. Be2 g6 7. Be3 Bg7 8. d5
Qe7 (8... Ng4 $5 9. dxc6 (9. Bg5 Qb6 10. O-O $13) 9... bxc6 10. Qxd6 Nxe3 11.
fxe3 Qb6 12. O-O-O Bf8 $1 13. Qd2 Bh6 $1 $15) 9. Nd2 {Jetzt hat Weiß die
optimale Aufstellung seiner Figuren erreicht.} c5 10. O-O O-O 11. Kh1 $5 Kh8 (
11... Ne8 $6 12. g4 f5 $2 13. exf5 {besser als 13.gf5, weil Weiß im Fall von
13...g5 das Feld e4 bekommt.} gxf5 14. gxf5 Rxf5 15. Rg1 $16) 12. g4 Ng8 {
Hier steht der Springer flexibler als auf e8. Es besteht nun die Möglichkeit,
mit Bh6 den schlechten Läufer zu tauschen und so mehr Bewegungsfreiheit für
die eigenen Figuren zu schaffen.} 13. Rg1 Bh6 $2 (13... f6 $5 14. Nf3 (14. h4
$2 f5 $1) 14... Bh6 15. g5 fxg5 16. Nxg5 Ndf6 17. Rb1 b6 18. b4 $14) 14. g5 Bg7
15. a3 b6 16. b4 f6 17. h4 fxg5 (17... f5 $5 18. Nf3 (18. f3 fxe4 19. fxe4 Rf4
$1 20. Bg4 h5 $1) 18... a6 {Mit der Idee, im passenden Moment b6-b5 zu spielen.
} (18... fxe4 19. Nxe4 Rf4 20. Bd3 $16)) 18. hxg5 h6 19. Nf3 hxg5 20. Nxg5 Bh6
21. Rg2 Ndf6 22. Rh2 Nh7 23. Nxh7 (23. Qd2 Bxg5 (23... Rxf2 24. Rxf2 Bxg5 25.
Rg1 $18) 24. Bxg5 Qf7 (24... Qg7 25. Kg2 Qf7 (25... Ngf6 26. Bh6 $18) 26. f4
$16) 25. Nb5 Qd7 26. bxc5 bxc5 27. f4 $16) 23... Qxh7 (23... Kxh7 24. Qd2 Qg7
25. Nb5 Rd8 26. Bg5 $18) 24. Qd2 $4 (24. Qc1 $5 Rf4 25. Nb5 $16) 24... Rxf2 25.
Rxh6 $4 (25. Bxf2 Bxd2 26. Rxh7+ Kxh7 27. Nb5 cxb4 28. axb4 Bxb4 29. Nc7 Rb8
30. Rxa7 $44) (25. Rh4 $5 Rf4 $1 26. Bxf4 exf4 $13) 25... Nxh6 26. Bxh6 (26.
Bxf2 Ng4+ 27. Kg2 Qh2+ 28. Kf3 Qxf2#) 26... Rf4 $1 27. Kg2 Bh3+ (27... Bh3+ 28.
Kxh3 Qxh6+ 29. Kg2 Qg5+ 30. Kh1 Rh4#) 0-1

[Event "DDR-ch 36th"]
[Site "Glauchau"]
[Date "1987.02.??"]
[Round "11"]
[White "Paehtz, Thomas Sr"]
[Black "Espig, Lutz"]
[Result "1-0"]
[WhiteElo "2415"]
[BlackElo "2450"]
[Annotator "Paehtz,T"]
[PlyCount "71"]
[EventDate "1987.02.05"]
[EventType "tourn"]
[EventRounds "13"]
[EventCountry "DDR"]
[EventCategory "6"]
[SourceTitle "EXT 2003"]
[Source "ChessBase"]
[SourceDate "2002.11.25"]
[SourceVersion "1"]
[SourceVersionDate "2002.11.25"]
[SourceQuality "1"]

{SCHACH 5/1987} 1. d4 Nf6 2. c4 d6 3. Nc3 Nbd7 4. e4 e5 5. Nf3 Be7 6. Be2 O-O
7. O-O c6 8. Re1 a6 9. Bg5 Re8 10. Bf1 h6 11. Bh4 Nh5 {Schwarz strebt
Vereinfachung an.} 12. Bxe7 Qxe7 13. b4 $1 Nhf6 ({Schwächer} 13... Nf4 $2 14.
g3 Ne6 15. d5) 14. h3 {Schaltet für alle Fälle das spätere Bg4 aus.} Nh7 ({Wenn
} 14... Nf8 {,so} 15. d5) 15. Re3 $1 {Wie sich später herausstellt ein sehr
nützlicher Zug.} Ng5 16. Nxg5 hxg5 $2 {Eine unglückliche Entscheidung von GM
Espig. Der Bauer g5 neigt nun zur Schwäche.} ({Erforderlich war} 16... Qxg5)
17. Rg3 a5 $6 {Eingeständnis der verfehlten Strategie,} ({aber es gibt kaum
noch Besseres. Z.B.} 17... Nf8 18. d5 c5 19. bxc5 dxc5 20. Qd2 f6 21. Na4 Qd6
22. Qa5 Nd7 23. Rb1 Rb8 24. Nb6 Qc7 25. Ra3 $1 {mit grossem weissen Vorteil.})
18. b5 Nf8 19. bxc6 bxc6 20. d5 Bd7 21. Qd2 f6 22. c5 $1 {Öffnet die Diagonale
f1-a6} dxc5 23. Bc4 Kh8 24. d6 Qd8 25. Bf7 {Gewinnt zumindest die Qualität} Re6
$6 ({Auf} 25... Ne6 {geschieht} 26. Qd1 $1 Nf4 27. Bxe8 Bxe8 28. Na4 {mit
Gewinnstellung.}) 26. Rd1 $1 ({Viel stärker als} 26. Bxe6 Nxe6 {,und Schwarz
kann noch kämpfen.}) 26... Be8 27. Bxe6 Nxe6 28. d7 $1 Bh5 {[#] Darauf hatte
er gehofft.} 29. Qd6 $3 {Die Pointe.} Bxd1 ({Nun wäre nach} 29... Nd4 {der
Bauer d7 gedeckt.}) 30. Qxe6 Bc2 (30... Bh5 31. Qxc6 Ra7 32. Rd3 {mit Gewinn})
31. Qf7 {Schwarz befindet sich praktisch im Zugzwang. Es droht auch noch h3-h4.
} c4 32. Qxc4 $1 {Das wäre auch einen Zug früher möglich gewesen, aber
nebenbei wollte ich noch einen Bauern verspeisen.} Qxd7 33. Qe2 {Der Läufer
ist gefangen und die Partie entschieden.} Bxe4 34. Nxe4 Rd8 35. Rc3 Qe6 36. Qc2
1-0